| 000 | 01499nam0a2200337 i 4500 | ||
|---|---|---|---|
| 001 | RU\NLR\bibl\1963998 | ||
| 005 | 20260406080052.0 | ||
| 010 | _a9785910221639 | ||
| 021 |
_aRU _b2012-79316 _95884 |
||
| 035 | _a(NLR Aleph) 001952974 | ||
| 090 |
_a3720709 _c3720709 |
||
| 100 | _a20121106d2012 u y0rusy50 ca | ||
| 101 | 0 | _arus | |
| 102 | _aRU | ||
| 105 | _aa ||||||||| | ||
| 200 | 1 |
_aПогост Николо-Шатур _eистория мещерского прихода _fС.С. Михайлов |
|
| 210 |
_aМосква _cРусская деревня _cАИРО-XXI _d2012 |
||
| 215 |
_a103 с. _cил., портр., факс. _d21 |
||
| 225 | 1 | _aБиблиотека альманаха "Мещера-край" | |
| 320 | _aБиблиогр. в подстроч. примеч. | ||
| 601 | 0 | 2 |
_aХрам во имя Святителя и Чудотворца Николая _cШатур, село; Московская область _92134994 _3RU\NLR\auth\661591808 |
| 686 | _aЭ372.24-655 | ||
| 700 | 1 |
_4070 _8rus _7ca _aМихайлов _bС. С. _cканд. ист. наук _f1970- _gСергей Сергеевич _3RU\NLR\AUTH\7740449 _923401 |
|
| 801 | 0 |
_aRU _bNLR _c20121106 _gRCR |
|
| 801 | 1 |
_aRU _bNLR _c20121106 |
|
| 942 | _cBOOK | ||
| 980 | _aNBR | ||